<?xml version="1.0" encoding="UTF-8"?>
<record
    xmlns:xsi="http://www.w3.org/2001/XMLSchema-instance"
    xsi:schemaLocation="http://www.loc.gov/MARC21/slim http://www.loc.gov/standards/marcxml/schema/MARC21slim.xsd"
    xmlns="http://www.loc.gov/MARC21/slim">

  <leader>00702nam a2200193Ia 4500</leader>
  <controlfield tag="003">IN-BaIIA</controlfield>
  <controlfield tag="008">211028s9999    xx            000 0 eng d</controlfield>
  <datafield tag="020" ind1=" " ind2=" ">
    <subfield code="a">0-7923-2769-1</subfield>
  </datafield>
  <datafield tag="040" ind1=" " ind2=" ">
    <subfield code="c">IIA Library</subfield>
  </datafield>
  <datafield tag="080" ind1=" " ind2=" ">
    <subfield code="a">082.2:52</subfield>
    <subfield code="b">IAU-C134</subfield>
  </datafield>
  <datafield tag="245" ind1=" " ind2="0">
    <subfield code="a">Nonlinear phenomena in stellar variability</subfield>
    <subfield code="b">proceedings of IAU-Colloquium held in at Joyo Geibun Center, Mito, Japan 7-10, January 1992</subfield>
    <subfield code="c">edited by M. Takeuti and J. R. Buchler                                                   </subfield>
  </datafield>
  <datafield tag="260" ind1=" " ind2=" ">
    <subfield code="a">Dordrecht</subfield>
    <subfield code="b">Kluwer Academic</subfield>
    <subfield code="c">1993</subfield>
  </datafield>
  <datafield tag="300" ind1=" " ind2=" ">
    <subfield code="a">375p.</subfield>
  </datafield>
  <datafield tag="490" ind1=" " ind2=" ">
    <subfield code="a">IAU-Colloquium; no.134</subfield>
  </datafield>
  <datafield tag="650" ind1=" " ind2=" ">
    <subfield code="a">Stars</subfield>
  </datafield>
  <datafield tag="650" ind1=" " ind2=" ">
    <subfield code="a">Stellar variability</subfield>
    <subfield code="9">13386</subfield>
  </datafield>
  <datafield tag="700" ind1=" " ind2=" ">
    <subfield code="a">Buchler, J. R., ed.</subfield>
    <subfield code="9">14502</subfield>
  </datafield>
  <datafield tag="942" ind1=" " ind2=" ">
    <subfield code="c">BK</subfield>
  </datafield>
  <datafield tag="999" ind1=" " ind2=" ">
    <subfield code="c">12873</subfield>
    <subfield code="d">12873</subfield>
  </datafield>
  <datafield tag="952" ind1=" " ind2=" ">
    <subfield code="0">0</subfield>
    <subfield code="1">0</subfield>
    <subfield code="4">0</subfield>
    <subfield code="7">0</subfield>
    <subfield code="a">BAN</subfield>
    <subfield code="b">BAN</subfield>
    <subfield code="c">GEN</subfield>
    <subfield code="d">1999-02-04</subfield>
    <subfield code="e">ALL   </subfield>
    <subfield code="g">6023.00</subfield>
    <subfield code="l">0</subfield>
    <subfield code="o">082.2:52/ IAU-C134</subfield>
    <subfield code="p">13790</subfield>
    <subfield code="r">2021-11-05</subfield>
    <subfield code="v">6023.00</subfield>
    <subfield code="w">1999-02-04</subfield>
    <subfield code="y">BK</subfield>
    <subfield code="G">Rs. 6023.00  </subfield>
  </datafield>
</record>
